000
00509nam a2200169Ia 4500
008
110201s9999 xx 000 0 und d
082
_b
B6619
_a
K 2173
100
_a
कांबळे कमलाकर
245
_a
वादळ
260
_b
मानस सांस्कृतिक संस्था
365
_b
150
600
_a
कांबळे कमलाकर
630
_a
वादळ
700
_a
कांबळे कमलाकर
730
_a
वादळ
942
_c
BOOK
999
_c
832222
_d
832219